<?xml version="1.0" encoding="UTF-8"?>
<record
    xmlns:xsi="http://www.w3.org/2001/XMLSchema-instance"
    xsi:schemaLocation="http://www.loc.gov/MARC21/slim http://www.loc.gov/standards/marcxml/schema/MARC21slim.xsd"
    xmlns="http://www.loc.gov/MARC21/slim">

  <leader>01040nam a22002295i 4500</leader>
  <controlfield tag="001">168956</controlfield>
  <controlfield tag="003">ES-MaACL</controlfield>
  <controlfield tag="005">20250720085722.0</controlfield>
  <controlfield tag="008">080707s2000    sp           |||| | spa d</controlfield>
  <datafield tag="080" ind1=" " ind2=" ">
    <subfield code="a">379.8(460.27)"1931/39"</subfield>
  </datafield>
  <datafield tag="100" ind1="1" ind2=" ">
    <subfield code="a">Huertas V&#xE1;zquez, Eduardo</subfield>
    <subfield code="9">64577</subfield>
  </datafield>
  <datafield tag="245" ind1="1" ind2="4">
    <subfield code="a">Las Misiones Pedag&#xF3;gicas en la Comunidad de Madrid : </subfield>
    <subfield code="b">(un especial viaje ilustrado a la Sierra del Guadarrama) / </subfield>
    <subfield code="c">por Eduardo Huertas V&#xE1;zquez.</subfield>
  </datafield>
  <datafield tag="260" ind1=" " ind2=" ">
    <subfield code="a">Madrid : </subfield>
    <subfield code="b">Ayuntamiento, &#xC1;rea de Cultura, Educaci&#xF3;n, Juventud y Deportes,</subfield>
    <subfield code="c">2000.</subfield>
  </datafield>
  <datafield tag="300" ind1=" " ind2=" ">
    <subfield code="a">56 p. : </subfield>
    <subfield code="b">1 mapa ; </subfield>
    <subfield code="c">21 cm.</subfield>
  </datafield>
  <datafield tag="490" ind1="1" ind2=" ">
    <subfield code="a">Ciclo de conferencias: El Madrid de la II Rep&#xFA;blica ; </subfield>
    <subfield code="v">17</subfield>
  </datafield>
  <datafield tag="610" ind1="2" ind2="4">
    <subfield code="a">Patronato de Misiones Pedag&#xF3;gicas (Espa&#xF1;a)</subfield>
    <subfield code="9">6178</subfield>
  </datafield>
  <datafield tag="650" ind1=" " ind2="4">
    <subfield code="a">Misiones pedag&#xF3;gicas-</subfield>
    <subfield code="z">Madrid (Comunidad Aut&#xF3;noma)</subfield>
    <subfield code="9">138075</subfield>
  </datafield>
  <datafield tag="710" ind1="1" ind2=" ">
    <subfield code="a">Madrid. </subfield>
    <subfield code="b">&#xC1;rea de Cultura, Educaci&#xF3;n, Juventud y Deportes.</subfield>
    <subfield code="9">5568</subfield>
  </datafield>
  <datafield tag="830" ind1="1" ind2=" ">
    <subfield code="a">Ciclo de conferencias: El Madrid de la II Rep&#xFA;blica ; </subfield>
    <subfield code="v">17</subfield>
    <subfield code="9">222776</subfield>
  </datafield>
  <datafield tag="852" ind1="4" ind2=" ">
    <subfield code="a">ES-MaACL</subfield>
    <subfield code="j">2241-F-19</subfield>
  </datafield>
  <datafield tag="999" ind1=" " ind2=" ">
    <subfield code="c">168956</subfield>
    <subfield code="d">168956</subfield>
  </datafield>
  <datafield tag="952" ind1=" " ind2=" ">
    <subfield code="0">0</subfield>
    <subfield code="1">0</subfield>
    <subfield code="4">0</subfield>
    <subfield code="7">0</subfield>
    <subfield code="8">Colecci&#xF3;n_de_folletos</subfield>
    <subfield code="a">ATENEOM</subfield>
    <subfield code="b">ATENEOM</subfield>
    <subfield code="c">DEPOF</subfield>
    <subfield code="d">2008-07-07</subfield>
    <subfield code="e">DON</subfield>
    <subfield code="l">0</subfield>
    <subfield code="o">2241-F-19</subfield>
    <subfield code="p">1177326</subfield>
    <subfield code="r">2023-02-23 00:00:00</subfield>
    <subfield code="w">2023-02-23</subfield>
    <subfield code="y">FOLLETOS</subfield>
  </datafield>
</record>
